<?xml version="1.0" encoding="UTF-8"?>
<record
    xmlns:xsi="http://www.w3.org/2001/XMLSchema-instance"
    xsi:schemaLocation="http://www.loc.gov/MARC21/slim http://www.loc.gov/standards/marcxml/schema/MARC21slim.xsd"
    xmlns="http://www.loc.gov/MARC21/slim">

  <leader>00915nam a22001937a 4500</leader>
  <controlfield tag="005">20250820113016.0</controlfield>
  <controlfield tag="008">250820b        |||||||| |||| 00| 0 eng d</controlfield>
  <datafield tag="020" ind1=" " ind2=" ">
    <subfield code="a">9783836510189</subfield>
    <subfield code="q">hbk</subfield>
  </datafield>
  <datafield tag="041" ind1=" " ind2=" ">
    <subfield code="a">eng</subfield>
  </datafield>
  <datafield tag="082" ind1=" " ind2=" ">
    <subfield code="a">709</subfield>
    <subfield code="b">SCH</subfield>
  </datafield>
  <datafield tag="100" ind1=" " ind2=" ">
    <subfield code="a">Schneider, Norbert </subfield>
  </datafield>
  <datafield tag="245" ind1=" " ind2=" ">
    <subfield code="a">Still Life </subfield>
    <subfield code="b">: still life painting in the early modern period</subfield>
    <subfield code="c">/ Norbert Schneider (Author),  Hugh Beyer (Translator)</subfield>
  </datafield>
  <datafield tag="260" ind1=" " ind2=" ">
    <subfield code="a">K&#xF6;ln</subfield>
    <subfield code="b">Taschen</subfield>
    <subfield code="c">2009</subfield>
  </datafield>
  <datafield tag="300" ind1=" " ind2=" ">
    <subfield code="a">215 p. </subfield>
    <subfield code="b">: ill. (some color)</subfield>
    <subfield code="c">; 31 cm</subfield>
  </datafield>
  <datafield tag="504" ind1=" " ind2=" ">
    <subfield code="a">Biblio</subfield>
  </datafield>
  <datafield tag="520" ind1=" " ind2=" ">
    <subfield code="a">The still life, the most primordial of painting subjects, had its peak between the late Middle Ages and the 17th century. In this book, Norbert Schneider explores the still life insights into changes of mentality and philosophy as well as its role in the history of scientific discoveries and the gradual replacement of the medieval concept of the world
</subfield>
  </datafield>
  <datafield tag="650" ind1=" " ind2=" ">
    <subfield code="a">Art</subfield>
  </datafield>
  <datafield tag="942" ind1=" " ind2=" ">
    <subfield code="c">REF</subfield>
  </datafield>
  <datafield tag="999" ind1=" " ind2=" ">
    <subfield code="c">583125</subfield>
    <subfield code="d">583125</subfield>
  </datafield>
  <datafield tag="952" ind1=" " ind2=" ">
    <subfield code="0">0</subfield>
    <subfield code="1">0</subfield>
    <subfield code="4">0</subfield>
    <subfield code="7">0</subfield>
    <subfield code="a">ACL</subfield>
    <subfield code="b">ACL</subfield>
    <subfield code="c">6B</subfield>
    <subfield code="d">2010-12-20</subfield>
    <subfield code="l">0</subfield>
    <subfield code="o">709 SCH</subfield>
    <subfield code="p">389660</subfield>
    <subfield code="r">2025-08-20 11:36:23</subfield>
    <subfield code="w">2025-08-20</subfield>
    <subfield code="y">REF</subfield>
  </datafield>
</record>
